000 00717nam a2200217 i 4500
001 27367
003 ES-MaACL
005 20230906153614.0
007 t|
008 030114s1978 sp ||||1| spa d
100 1 _aAraña, Vicente.
_9144580
245 1 4 _aLos volcanes de las Islas Canarias =
_bCanarian volcanoes /
_cVicente Araña, Juan C. Carracedo... ; [versión inglesa, Pauline Agnew].
246 3 _aCanarian volcanoes
260 _aMadrid :
_bRueda,
_c1978.
300 _a151 p. :
_bil. col. y n., mapas ;
_c21 cm.
505 8 _aContiene: 1. Tenerife
650 4 _aVolcanes-
_zCanarias.
_9164061
700 1 _aCarracedo, Juan C.
_935480
700 1 _aAgnew, Pauline.
_918565
852 _aES-MaACL
_jA-9087
999 _c27367
_d27367